000 00708cam a2200229 a 4500
001 000018173
005 20200929165403.0
008 720128s1960 fr 000 0bfre d
040 _aDO-SdBNP
_bfre
_cLC
_dBNPHU
042 _apremarc
050 0 0 _aPQ2603.E362
_bZ515
082 _ann*
_bB386f
100 1 _aBeauvoir, Simone de,
_d1908-1986.
_913630
245 1 3 _aLa force de l'age /
_cSimone De Beauvoir.
260 _a[Paris] :
_bGallimard,
_c1960.
300 _a701 p. ;
_c21 cm.
490 1 _aLe Livre de Poche,
_v1458-1459-1460
600 1 0 _aBeauvoir, Simone de,
_d1908-1986.
_913630
830 0 _aLe Livre de Poche ;
_v1458-1459-1460
_939384
910 _aCatalogación por copia / LC
049 _aBNGR
999 _c17694
_d17694